| 000 | 00816nam a2200229 a 4500 | ||
|---|---|---|---|
| 001 | 84213 | ||
| 003 | BD-RjUL | ||
| 005 | 20241103115644.0 | ||
| 008 | 241103s2014 bg ||||| |||| 00| 0 ben d | ||
| 020 | _a9789849106029 | ||
| 035 | _a(BD-RjUL)84213 | ||
| 040 |
_aBD-RjUL _beng _cBD-RjUL |
||
| 041 | _aben | ||
| 082 |
_223 _a658.3 _bARS 2014 |
||
| 100 |
_aআরিফ, আনোয়ারুল আজিম _914050 |
||
| 245 |
_aসাংগঠনিক আচরণ / _cআনোয়ারুল আজিম আরিফ এবং মোঃ আবু তাহের |
||
| 300 |
_a২৭৭ পৃ.; _c২২ সেমি. |
||
| 650 |
_aOrganizational behavior _910521 |
||
| 650 |
_aসাংগঠনিক আচরণ _914051 |
||
| 700 |
_aতাহের, মোঃ আবু _914028 |
||
| 942 |
_2ddc _cBK |
||
| 999 |
_c84213 _d84213 |
||